Central Library OPAC University of Rajshahi

The economic development of Nigeria : (Record no. 2738)

MARC details
000 -LEADER
fixed length control field 00931cam a22002531 4500
001 - CONTROL NUMBER
control field 2738
003 - CONTROL NUMBER IDENTIFIER
rucl marc code BD-RjUL
005 - DATE AND TIME OF LATEST TRANSACTION
control field 20211208233617.0
008 - FIXED-LENGTH DATA ELEMENTS--GENERAL INFORMATION
fixed length control field 131217s1955 mduab b 000 0 eng
035 ## - SYSTEM CONTROL NUMBER
System control number (BD-RjUL)2765
System control number (OCoLC)971708
040 ## - CATALOGING SOURCE
Original cataloging agency DLC
Transcribing agency TxU-Da
Modifying agency OCoLC
-- NcGU
-- DLC
-- BD-RjUL
Language of cataloging eng
041 ## - LANGUAGE CODE
Language code of text/sound track or separate title eng
082 ## - DEWEY DECIMAL CLASSIFICATION NUMBER
Classification number 338.9669
Edition number 20
Author mark and year ECO 1955
110 2# - MAIN ENTRY--CORPORATE NAME
Corporate name or jurisdiction name as entry element World Bank.
9 (RLIN) 6092
245 14 - TITLE STATEMENT
Title The economic development of Nigeria :
Remainder of title report of a mission organized by the International Bank for Reconstruction and Development at the request of the Governments of Nigeria and the United Kingdom /
Statement of responsibility, etc. World Bank.
260 ## - PUBLICATION, DISTRIBUTION, ETC. (IMPRINT)
Place of publication, distribution, etc. Baltimore,
Name of publisher, distributor, etc. John Hopkins Press
Date of publication, distribution, etc. [1955]
300 ## - PHYSICAL DESCRIPTION
Pagination xxii, 686 p.
Illustrations maps (part fold., part col.) diagrs., tables.
Size 24 cm.
504 ## - BIBLIOGRAPHY, ETC. NOTE
Bibliography, etc Bibliographical footnotes.
651 #0 - SUBJECT ADDED ENTRY--GEOGRAPHIC NAME
Geographic name Nigeria
General subdivision Economic policy.
9 (RLIN) 8788
942 ## - ADDED ENTRY ELEMENTS (KOHA)
Source of classification or shelving scheme Dewey Decimal Classification
Koha item type Books
Holdings
Lost status Source of classification or shelving scheme Damaged status Not for loan Collection code Permanent Location Current Location Shelving location Date acquired Source of acquisition Cost, normal purchase price Total Checkouts Full call number Date last seen Copy number Koha item type
  Dewey Decimal Classification   Not For Loan Non-fiction Central Library, University of Rajshahi Central Library, University of Rajshahi Reading Room 04/08/1956 B. H. Blakwell 3.00   338.9669 ECO 1955 17/12/2013 C-1 Books